| 000 | 00348nam a22001337a 4500 | ||
|---|---|---|---|
| 005 | 20240307013821.0 | ||
| 008 | 240307b |||||||| |||| 00| 0 eng d | ||
| 082 |
_222 _a323.4. _bMAN. |
||
| 245 |
_aManual ; _cChildren's Development Khazana . |
||
| 260 |
_aNew Delhi : _bA Butterflies initiative |
||
| 300 | _a120 p., | ||
| 650 | _aPolitical. | ||
| 942 | _cL | ||
| 999 |
_c554 _d554 |
||